Statistics for World Currencies by Bank Code

Click here to take the quiz!

General Stats

  • This quiz has been taken 320 times
  • The average score is 25 of 40

Answer Stats

codecurrency% Correct
USDdollar
93%
USDUS
91%
JPYyen
91%
JPYJapan
90%
RUBRussia
86%
RUBrouble
85%
DKKDenmark
83%
QARQatar
83%
EGPEgypt
81%
THBThailand
78%
BRLBrazil
75%
EGPpound
75%
DKKkrone
73%
AFNafghani
72%
AFNAfghanistan
71%
YERYemen
71%
THBbaht
69%
BRLreal
66%
SEKSweden
62%
SEKkrona
61%
CUPpeso
59%
KESKenya
58%
VNDVietnam
58%
LYDdinar
55%
NPRNepal
54%
LYDLibya
53%
NPRrupee
53%
VNDdong
52%
GNFfranc
52%
ILSIsrael
52%
YERrial
52%
MYRMalaysia
50%
QARriyal
50%
ILSshekel
47%
KESshilling
46%
CUPCuba
45%
GNFGuinea
39%
MYRringgit
35%
PYGParaguay
33%
PYGguarani
23%

Score Distribution

Percentile by Number Answered

Percent of People with Each Score

Your Score History

You have not taken this quiz